| 000 | 01163cam a2200325 a 4500 | ||
|---|---|---|---|
| 999 |
_c7352 _d7352 |
||
| 001 | 7352 | ||
| 003 | BD-JhCC | ||
| 005 | 20180422084232.0 | ||
| 008 | 040713s1965 mnuab j b 001 0 eng | ||
| 035 | _a(BD-JhCC)7352 | ||
| 040 |
_aDLC _cDLC _dDLC _dBD-JhCC |
||
| 041 | _aeng | ||
| 050 | 0 | 0 |
_aE185.925 _b.F58 2005 |
| 082 | 0 | 0 |
_a823.912 _222 _bPRE 1965 |
| 100 | 1 | _aPrebble, John | |
| 245 | 1 | 4 |
_aThe Buffalo Soldiers / _cJohn Prebble |
| 260 |
_aLondon : _bHeinemann Educational, _c1965 |
||
| 300 |
_a48 p. : _bill. (some col.), 1 col. map ; _c24 cm. |
||
| 490 | 1 | _aWe the people | |
| 610 | 1 | 0 |
_aUnited States. _bArmy |
| 610 | 1 | 0 |
_aUnited States. _bArmy. _bCavalry, 9th |
| 610 | 1 | 0 |
_aUnited States. _bArmy. _bCavalry, 10th |
| 650 | 0 |
_aAfrican Americans _zWest (U.S.) _xHistory _y19th century _vJuvenile literature. |
|
| 650 | 0 |
_aAfrican American soldiers _zWest (U.S.) _xHistory _y19th century _vJuvenile literature. |
|
| 650 | 0 |
_aFrontier and pioneer life _zWest (U.S.) _vJuvenile literature. |
|
| 650 | 0 |
_aIndians of North America _xWars _y1866-1895 _vJuvenile literature. |
|
| 651 | 0 |
_aWest (U.S.) _xHistory _vJuvenile literature. |
|
| 942 |
_2ddc _cBK |
||